Towards mutually-beneficial company-community partnerships in timber plantation : lessons learnt from Indonesia

Bibliographic Details
Main Author: NAWIR
Corporate Author: Center for International Forestry Research (CIFOR)
Other Authors: Mudhofar, Santoso
Format: Book
Published: Bogor, Indonesia : Center for International Forestry Research , 2003
Series:Working paper ; no. 26
Subjects:

MARC

LEADER 00000cam a2200000 7i4500
001 0000002865
005 20040127.0
090 0 0 |a 333.7509598   |b NAW 2003 
100 1 0 |a NAWIR   |h Ani Adiwinata 
245 1 0 |a Towards mutually-beneficial company-community partnerships in timber plantation :   |b lessons learnt from Indonesia   |c Ani Adiwinata Nawir, Levania Santoso, Irfan Mudhofar 
260 0 0 |a Bogor, Indonesia :   |b Center for International Forestry Research ,   |c 2003 
300 |a xvi, 77 p. :   |b ill. ;   |c 30 cm. 
440 0 0 |a Working paper ; no. 26 
500 0 0 |a Bibliography : p. 53-55 
650 0 0 |a Forests and forestry   |z Indonesia 
650 0 0 |a Timber   |z Indonesia 
700 0 1 |a Mudhofar   |h Irfan 
700 0 1 |a Santoso   |h Levania 
710 1 1 |a Center for International Forestry Research (CIFOR) 
998 |a JPSM 
999 |a 0000004915   |b Monograph   |c Open Shelf   |e Default branch